000 01050nam a2200313 4500
003 EG-GICUC
005 20260121101343.0
008 251125s1934 fr ||||fr|||| 00| 0 fre d
040 _aEG-GiCUC
_bfre
_cEG-GiCUC
_dEG-GiCUC
_eRda
041 _afre
_hspa
082 0 4 _221
_a341.1
_bS A . D
092 0 4 _221
099 _aLaw1 11 341.1 S A . D 1934
100 1 _aSANCHEZ DE BUSTAMANTE Y SIRVEN, Antonio
_eAuteur
245 1 0 _aDROIT INTERNATIONAL PUBLIC/
_cAntonio Senches de BUSTAMANTE Y SIRVEN;Traduction par Paul GOULÉ.
_nTOME I
264 _aPARIS:
_bRECUEIL SIREY,
_c1934
300 _a626page :
_c 24 cm.
336 _2rda contenu
_a texte
337 _2rda medias
_aOrdinateur
338 _2 transporteur rda
_a Ressource en ligne
504 _aRéférences bibliographiques
546 _aTexte en français
650 1 _aDroit international public
_2qrmak
651 1 _2qrmak
700 1 _aGOULÉ, Paul
_eTraducteur
856 4 0 _uhttps://fll.law.cu.edu.eg/fulltext/bks/B11-06085.pdf
905 _a75
_eYara
942 _2ddc
_n0
_cBK
_e21
999 _c45916
_d45916